Stavíme rodinný domek

Enregistré dans:
Détails bibliographiques
Auteurs principaux: Kovařík, Miloslav (Auteur), Hudec, Miloslav (Auteur)
Format: Livre
Langue:tchèque
Publié: Praha : SNTL, 1968
Édition:1.vyd.
Tags: Ajouter un tag
Pas de tags, Soyez le premier à ajouter un tag!

MARC

LEADER 00000nam a22000003a 4500
001 stu270817
005 20150617230232.2
008 130711s--------cs------------------cze-d
040 |a STU  |b slo 
041 0 |a cze 
044 |a cs 
080 |a 728.1 
100 1 |a Kovařík, Miloslav  |4 aut 
245 1 |a Stavíme rodinný domek 
250 |a 1.vyd. 
260 |a Praha :  |b SNTL,  |c 1968 
300 |a 121 s 
700 1 |a Hudec, Miloslav  |4 aut 
996 |b 284V035347  |c V*6018/O-567  |l VVS  |s A  |a 24  |w stu270817_0001